000 01440nam a2200385 i 4500
001 7797
003 KOSZ 005
005 20190723125630.0
008 080505s1965 pl a f f 000 0 pol
015 _aPB 1966/811
040 _aWA N
_cWA N
_dKOSZ 005/RW
_dKOSZ 005/HR
046 _k1965
080 _a621.9
080 _a(075.8)
100 1 _aDmochowski, Jerzy
_d(1923-1994)
_eAutor
245 1 0 _aPodstawy obróbki skrawaniem.
_nZ. 2, cz. 2,
_pObróbka narzędziami wieloostrzowymi.
_nZ. 2, cz. 3,
_pSzlifowanie i ścierna obróbka wykańczająca
_cJerzy Dmochowski.
260 _aWarszawa :
_bPaństwowe Wydawnictwo Naukowe,
_c1965.
300 _a2 cz. w 1 wol. (238 s., [1] k. tabl.) :
_bil. ;
_c24 cm +
_eTablice : 133 s.
336 _2rdacontent
_aTekst
_btxt
337 _2rdamedia
_aBez urządzenia pośredniczącego
_bn
338 _2rdacarrier
_aWolumin
_bnc
380 _aKsiążki
380 _aPublikacje dydaktyczne
385 _mPoziom nauczania
_aSzkoły wyższe
388 _a1901-2000
388 _a1945-1989
500 _aPowiel.
521 8 _aSkrypt dla studentów wyższych szkół technicznych.
650 4 _aSkrawanie
655 4 _aPodręczniki akademickie
658 _aInżynieria i technika
710 2 _aPaństwowe Wydawnictwo Naukowe
_4pbl.
856 _uhttp://koha.tu.koszalin.pl/cgi-bin/koha/opac-detail.pl?biblionumber=7797
_yKatalog online BPK
942 _2UKD
_cKS
999 _c7797
_d7797